MARC details
| 000 -LEADER |
| fixed length control field |
01480cam a22004334a 4500 |
| 001 - CONTROL NUMBER |
| control field |
14004694 |
| 005 - DATE AND TIME OF LATEST TRANSACTION |
| control field |
20231205003944.0 |
| 008 - FIXED-LENGTH DATA ELEMENTS--GENERAL INFORMATION |
| fixed length control field |
050616s2005 ii b 001 0 eng |
| 020 ## - INTERNATIONAL STANDARD BOOK NUMBER |
| ISBN |
0761934022 (US : hbk.) |
| 020 ## - INTERNATIONAL STANDARD BOOK NUMBER |
| ISBN |
9780761934028 (US : hbk.) |
| 020 ## - INTERNATIONAL STANDARD BOOK NUMBER |
| ISBN |
0761934030 (US : pbk.) |
| 020 ## - INTERNATIONAL STANDARD BOOK NUMBER |
| ISBN |
9780761934035 (US : pbk.) |
| 020 ## - INTERNATIONAL STANDARD BOOK NUMBER |
| ISBN |
8178295539 (India : hbk.) |
| 020 ## - INTERNATIONAL STANDARD BOOK NUMBER |
| ISBN |
9788178295534 (India : hbk.) |
| 020 ## - INTERNATIONAL STANDARD BOOK NUMBER |
| ISBN |
8178295547 (India : pbk.) |
| 020 ## - INTERNATIONAL STANDARD BOOK NUMBER |
| ISBN |
9788178295541 (India : pbk.) |
| 040 ## - CATALOGING SOURCE (பட்டியலாக்க மூலம்) |
| Original cataloging agency |
DLC |
| Transcribing agency |
DLC |
| Modifying agency |
OCLCQ |
| -- |
BWKUK |
| -- |
BAKER |
| -- |
UKM |
| -- |
COO |
| -- |
CLU |
| -- |
BTCTA |
| -- |
YDXCP |
| -- |
PUL |
| -- |
YUS |
| -- |
OCLCQ |
| -- |
DLC |
| 082 00 - DDC Classification |
| Class No. |
305.42/095 |
| DDC Edition Number |
22 |
| 245 00 - TITLE STATEMENT |
| Title |
Sexuality, gender and rights : |
| Remainder of title |
exploring theory and practice in South and Southeast Asia / |
| Statement of responsibility, etc. |
Geetanjali Misra, Radhika Chandiramani, editors. |
| 260 ## - PUBLICATION, DISTRIBUTION, ETC. |
| Place of publication, distribution, etc. |
New Delhi ; |
| -- |
Thousand Oaks, Calif. : |
| Name of publisher, distributor, etc. |
Sage Publications, |
| Date of publication, distribution, etc. |
2005. |
| 300 ## - PHYSICAL DESCRIPTION |
| Extent (e.g. Volumes, Pages etc.) |
313 p. ; |
| 650 #0 - SUBJECT ADDED ENTRY--TOPICAL TERM |
| Topical term or geographic name entry element |
Sex role |
| 650 #0 - SUBJECT ADDED ENTRY--TOPICAL TERM |
| Topical term or geographic name entry element |
Sex role |
| 650 #0 - SUBJECT ADDED ENTRY--TOPICAL TERM |
| Topical term or geographic name entry element |
Gender identity |
| 650 #0 - SUBJECT ADDED ENTRY--TOPICAL TERM |
| Topical term or geographic name entry element |
Gender identity |
| 650 #0 - SUBJECT ADDED ENTRY--TOPICAL TERM |
| Topical term or geographic name entry element |
Human rights |
| 650 #0 - SUBJECT ADDED ENTRY--TOPICAL TERM |
| Topical term or geographic name entry element |
Human rights |
| 650 12 - SUBJECT ADDED ENTRY--TOPICAL TERM |
| Topical term or geographic name entry element |
Sexuality |
| 650 12 - SUBJECT ADDED ENTRY--TOPICAL TERM |
| Topical term or geographic name entry element |
Sexuality |
| 650 22 - SUBJECT ADDED ENTRY--TOPICAL TERM |
| Topical term or geographic name entry element |
Gender Identity |
| 650 22 - SUBJECT ADDED ENTRY--TOPICAL TERM |
| Topical term or geographic name entry element |
Gender Identity |
| 650 22 - SUBJECT ADDED ENTRY--TOPICAL TERM |
| Topical term or geographic name entry element |
Human Rights |
| 650 22 - SUBJECT ADDED ENTRY--TOPICAL TERM |
| Topical term or geographic name entry element |
Human Rights |
| 700 1# - ADDED ENTRY--PERSONAL NAME |
| Personal name |
Misra, Geetanjali, |
| Relator term (Role) |
Editor |
| 700 1# - ADDED ENTRY--PERSONAL NAME |
| Personal name |
Chandiramani, Radhika, |
| Relator term (Role) |
Editor |
| 856 41 - ELECTRONIC LOCATION AND ACCESS |
| Uniform Resource Identifier |
<a href="http://www.loc.gov/catdir/toc/ecip0515/2005017292.html">http://www.loc.gov/catdir/toc/ecip0515/2005017292.html</a> |
| 856 42 - ELECTRONIC LOCATION AND ACCESS |
| Uniform Resource Identifier |
<a href="http://www.loc.gov/catdir/enhancements/fy0734/2005017292-d.html">http://www.loc.gov/catdir/enhancements/fy0734/2005017292-d.html</a> |
| 942 ## - Koha item type (Biblio) |
| Koha item type |
Books in Stacks (Lending) |